5 řek = Five rivers /

Hlavní autor: Pikrtová, Soňa
Další autoři: Adámek, Pavel
Jazyk: Čeština
Angličtina
Vydáno: Plzeň : Plzeňský kraj :Svět podle Jakuba, z.s., [2019]
Témata:
Fyzický popis: 86 stran : barevné ilustrace, portréty ; 29 cm + 1 DVD audio
Language note: Souběžný anglický text
Knihy
Uloženo v:
LEADER 03309nam a2200865 i 4500
001 nkc20203171096
003 CZ PrNK
005 20200218090305.0
007 ta
008 200114t20192019xr ac e 000 p cze
015 |a cnb003171096 
020 |a 978-80-270-7366-5  |q (v knize neuvedeno ;  |q vázáno) 
035 |a (OCoLC)1143821810 
040 |a ABA001  |b cze  |e rda 
041 1 |a cze  |a eng  |h cze 
043 |a e-xr---  |b e-xr-cc  |2 czenas 
045 |a y1y2 
072 7 |a 502  |x Životní prostředí a jeho ochrana  |2 Konspekt  |9 2 
080 |a 005.591  |2 MRF 
080 |a 502.51(282)  |2 MRF 
080 |a 77.047  |2 MRF 
080 |a 502.1  |2 MRF 
080 |a (437.31-15)  |2 MRF 
080 |a (437.31-14)  |2 MRF 
080 |a (437.31-13)  |2 MRF 
080 |a (437.31-191.2)  |2 MRF 
080 |a (0:82-1)  |2 MRF 
080 |a (084.12)  |2 MRF 
100 1 |a Pikrtová, Soňa  |4 pht 
245 1 0 |a 5 řek =  |b Five rivers /  |c fotografie Soňa Pikrtová, Pavel Adámek 
246 3 |a Pět řek 
246 3 1 |a Five rivers 
264 1 |a Plzeň :  |b Plzeňský kraj :  |b Svět podle Jakuba, z.s.,  |c [2019] 
264 4 |c ©2019 
300 |a 86 stran :  |b barevné ilustrace, portréty ;  |c 29 cm +  |e 1 DVD audio 
336 |a text  |b txt  |2 rdacontent 
336 |a statický obraz  |b sti  |2 rdacontent 
336 |a hraná hudba  |b prm  |2 rdacontent 
337 |a bez média  |b n  |2 rdamedia 
337 |a audio  |b s  |2 rdamedia 
338 |a svazek  |b nc  |2 rdacarrier 
338 |a audiodisk  |b sd  |2 rdacarrier 
500 |a "Hudební projekt 5 řek se uskutečnil v rámci projektu Evropské hlavní město kultury 2015"--Strana 86 
500 |a Na DVD je koncert z Velké synagogy v Plzni 15.10.2015 
546 |a Souběžný anglický text 
610 2 7 |a 5 řek (projekt)  |7 ko20201065885  |2 czenas 
648 7 |a 2011-2020  |7 ch460589  |2 czenas 
650 0 7 |a programy a projekty  |7 ph255086  |z Česko  |y 2011-2020  |2 czenas 
650 0 7 |a řeky  |7 ph138324  |z Česko  |2 czenas 
650 0 7 |a krajinářská fotografie  |7 ph121927  |z Česko  |2 czenas 
650 0 7 |a člověk a příroda  |7 ph116877  |2 czenas 
650 0 9 |a programs and projects  |z Czechia  |y 2011-2020  |2 eczenas 
650 0 9 |a rivers  |z Czechia  |2 eczenas 
650 0 9 |a landscape photography  |z Czechia  |2 eczenas 
650 0 9 |a man and nature  |2 eczenas 
651 7 |a Radbuza (Česko : řeka : oblast)  |7 ge130599  |2 czenas 
651 7 |a Úhlava (Česko : řeka : oblast)  |7 ge776479  |2 czenas 
651 7 |a Úslava (Česko : řeka : oblast)  |7 ge776487  |2 czenas 
651 7 |a Mže (Německo a Česko : řeka : oblast)  |7 ge591644  |2 czenas 
651 7 |a Berounka (Česko : řeka : oblast)  |7 ge128395  |2 czenas 
651 9 |a Radbuza River Valley (Czechia)  |2 eczenas 
651 9 |a Úhlava River Valley (Czechia)  |2 eczenas 
651 9 |a Úslava River Valley (Czechia)  |2 eczenas 
651 9 |a Mže River Valley (Germany and Czechia)  |2 eczenas 
651 9 |a Berounka River Valley (Czechia)  |2 eczenas 
655 7 |a poezie  |7 fd131936  |2 czenas 
655 7 |a fotografické publikace  |7 fd132276  |2 czenas 
655 9 |a poetry  |2 eczenas 
655 9 |a photographical works  |2 eczenas 
700 1 |a Adámek, Pavel  |4 pht 
910 2 |a BOA001  |b 4-1439.888 
990 |a BK 
995 |a 01 
991 |b 202001  |c NOV 
996 6 |b 2610812892  |c 4-1439.888  |l MZK  |r Sklad / do 1 hodiny  |n 0  |p p.v.  |w 001778186  |u 000010  |a 1  |e BOA001  |j MZK50  |s P